Introduction to computational fluid dynamics / (رقم التسجيلة. 20948)

تفاصيل مارك
000 -الفاتح
حقل البيانات ثابتة الطول 01372cam a22003254a 4500
001 - رقم الضبط
رقم الضبط 13943727
003 - محدد رقم الضبط
رقم الضبط OSt
005 - وقت وتاريخ اخر تعامل مع التسجيلة
رقم الضبط 20150408114009.0
008 - عناصر البيانات ثابتة الطول - معلومات عامة
حقل البيانات ثابتة الطول 050427s2005 nyua b 001 0 eng
010 ## - رقم ضبط مكتبة الكونجرس
رقم ضبط مكتبة الكونجرس 2005012195
020 ## - الرقم الدولى المعيارى للكتب
الرقم الدولى المعيارى للكتاب 9780521853262 (hardback)
020 ## - الرقم الدولى المعيارى للكتب
الرقم الدولى المعيارى للكتاب 9780521140058
020 ## - الرقم الدولى المعيارى للكتب
الرقم الدولى المعيارى للكتاب 0521853265 (hardback)
040 ## - مصدر الفهرسة
وكالة الفهرسة الأصلية DLC
وكالة النسخ DLC
وكالة التعديل DLC
042 ## - رمز التحقق
رمز التحقق pcc
050 00 - رقم طلب مكتبة الكونجرس
رقم التصنيف TA357
رقم المادة .D364 2009
082 00 - رقم تصنيف ديوى العشرى
رقم التصنيف 620.1064
رقم الطبعة 22
100 1# - المدخل الرئيسى - إسم شخصى
الإسم الشخصى Date, Anil W.
الشكل الأكمل للاسم (Anil Waman)
9 (RLIN) 9814
245 10 - بيان العنوان
العنوان Introduction to computational fluid dynamics /
بيان المسئوليه,etc Anil W. Date.
260 ## - PUBLICATION, DISTRIBUTION, ETC. (IMPRINT)
مكان الناشر او الموزع New York :
اسم الناشر او الموزع Cambridge University Press,
تاريخ النشر أو التوزيع c2009.
300 ## - الوصف المادى
التعداد xx, 377 p. :
تفاصيل ماديه اخرى للوعاء ill. ;
أبعاد الوعاء 26 cm.
504 ## - تبصرة ببليوجرافية
تبصرة ببليوجرافية,الخ Includes bibliographical references and index.
650 #0 - المدخل الاضافى بالموضوع-مصطلح موضوعى
مصطلح موضوعي أو اسم جغرافي كعنصر مدخل Fluid dynamics
التقسيم الفرعي العام Mathematics
التقسيم الفرعي الشكلي Textbooks.
9 (RLIN) 9815
650 #0 - المدخل الاضافى بالموضوع-مصطلح موضوعى
مصطلح موضوعي أو اسم جغرافي كعنصر مدخل Numerical analysis
التقسيم الفرعي الشكلي Textbooks.
9 (RLIN) 9816
856 41 - الوصول و الموقع الالكترونى
مواد محددة Table of contents only
معرف المصدر الموحد <a href="http://www.loc.gov/catdir/toc/ecip0512/2005012195.html">http://www.loc.gov/catdir/toc/ecip0512/2005012195.html</a>
856 42 - الوصول و الموقع الالكترونى
مواد محددة Publisher description
معرف المصدر الموحد <a href="http://www.loc.gov/catdir/enhancements/fy0632/2005012195-d.html">http://www.loc.gov/catdir/enhancements/fy0632/2005012195-d.html</a>
856 42 - الوصول و الموقع الالكترونى
مواد محددة Contributor biographical information
معرف المصدر الموحد <a href="http://www.loc.gov/catdir/enhancements/fy0733/2005012195-b.html">http://www.loc.gov/catdir/enhancements/fy0733/2005012195-b.html</a>
942 ## - عناصر المدخل الإضافي( كوها)
مصدر التصنيف او مخطط الترفيف Dewey Decimal Classification
Koha [default] item type كتاب
المقتنيات
حالة الفقد نموذج السعر الفعال حالة تلف ليس للاعارة رقم الطلب تاريخ الاكتساب الموقع الحالي الباركود الفرع الرئيسي Date last seen نوع المادة فى نظام كوها مصدر التصنيف او خطة الترفيف Total Checkouts
  2013-03-10     620.1064 D A I 2012-05-10 المكتبة المركزية بالمجمعة (CL) 00086132 المكتبة المركزية بالمجمعة (CL) 2013-03-10 كتاب Dewey Decimal Classification  
  2013-03-10     620.1064 D A I 2012-05-10 المكتبة المركزية بالمجمعة (CL) 00086133 المكتبة المركزية بالمجمعة (CL) 2013-03-10 كتاب Dewey Decimal Classification  
  2013-03-10     620.1064 D A I 2012-05-10 المكتبة المركزية بالمجمعة (CL) 00086134 المكتبة المركزية بالمجمعة (CL) 2013-03-10 كتاب Dewey Decimal Classification  
  2013-03-10     620.1064 D A I 2012-05-10 المكتبة المركزية بالمجمعة (CL) 00086135 المكتبة المركزية بالمجمعة (CL) 2013-03-10 كتاب Dewey Decimal Classification  
  2013-03-10     620.1064 D A I 2012-05-10 المكتبة المركزية بالمجمعة (CL) 00086136 المكتبة المركزية بالمجمعة (CL) 2013-03-10 كتاب Dewey Decimal Classification  
  2013-03-10     620.1064 D A I 2012-05-10 المكتبة المركزية بالمجمعة (CL) 00086137 المكتبة المركزية بالمجمعة (CL) 2013-03-10 كتاب Dewey Decimal Classification